PCT, spin and statistics, and all that / (Record no. 9817)
[ view plain ]
| 000 -LEADER | |
|---|---|
| fixed length control field | 00983cam a2200313I 4500 |
| 001 - CONTROL NUMBER | |
| control field | 9817 |
| 003 - CONTROL NUMBER IDENTIFIER | |
| rucl marc code | BD RJUL |
| 005 - DATE AND TIME OF LATEST TRANSACTION | |
| control field | 20211208234837.0 |
| 008 - FIXED-LENGTH DATA ELEMENTS--GENERAL INFORMATION | |
| fixed length control field | 210114s1964 nyua b 000 0 eng |
| 035 ## - SYSTEM CONTROL NUMBER | |
| System control number | BD RJUL |
| System control number | (OCoLC)00930068 |
| System control number | GLIS00158618 |
| 040 ## - CATALOGING SOURCE | |
| Original cataloging agency | DLC |
| Transcribing agency | NED |
| Modifying agency | SER |
| -- | m.c. |
| -- | BD RJUL |
| Language of cataloging | eng |
| 041 ## - LANGUAGE CODE | |
| Language code of text/sound track or separate title | eng |
| 082 ## - DEWEY DECIMAL CLASSIFICATION NUMBER | |
| Classification number | 530.15 |
| Author mark and year | STP 1964 |
| 090 ## - LOCALLY ASSIGNED LC-TYPE CALL NUMBER (OCLC); LOCAL CALL NUMBER (OCLC) | |
| Classification number (OCLC) (R) ; Classification number, CALL (RLIN) (NR) | QC174.45 |
| Local cutter number (OCLC) ; Book number/undivided call number, CALL (RLIN) | .S914 |
| 099 ## - LOCAL FREE-TEXT CALL NUMBER (OCLC) | |
| Bangla Class number | QC174.45.S914 |
| 100 1# - MAIN ENTRY--PERSONAL NAME | |
| Personal name | Streater, R. F. |
| 9 (RLIN) | 30336 |
| 245 10 - TITLE STATEMENT | |
| Title | PCT, spin and statistics, and all that / |
| Statement of responsibility, etc. | [by] R. F. Streater [and] A. S. Wightman. |
| 260 ## - PUBLICATION, DISTRIBUTION, ETC. (IMPRINT) | |
| Place of publication, distribution, etc. | New York, |
| Name of publisher, distributor, etc. | W. A. Benjamin, |
| Date of publication, distribution, etc. | 1964. |
| 300 ## - PHYSICAL DESCRIPTION | |
| Pagination | viii, 181 p.: |
| Illustrations | diagrs.; |
| Size | 24 cm. |
| 490 1# - SERIES STATEMENT | |
| Series statement | Mathematical physics monograph series |
| 504 ## - BIBLIOGRAPHY, ETC. NOTE | |
| Bibliography, etc | Includes bibliographies. |
| 650 #0 - SUBJECT ADDED ENTRY--TOPICAL TERM | |
| Topical term or geographic name as entry element | Quantum field theory. |
| 9 (RLIN) | 25662 |
| 700 1# - ADDED ENTRY--PERSONAL NAME | |
| Personal name | Wightman, A. S. |
| Fuller form of name | (Arthur Strong), |
| Dates associated with a name | 1922-2013. |
| 830 #0 - SERIES ADDED ENTRY--UNIFORM TITLE | |
| Uniform title | Mathematical physics monograph series. |
| 942 ## - ADDED ENTRY ELEMENTS (KOHA) | |
| Source of classification or shelving scheme | Dewey Decimal Classification |
| Koha item type | Books |
| Lost status | Source of classification or shelving scheme | Damaged status | Not for loan | Collection code | Permanent Location | Current Location | Shelving location | Date acquired | Source of acquisition | Cost, normal purchase price | Total Checkouts | Full call number | Date last seen | Copy number | Koha item type |
|---|---|---|---|---|---|---|---|---|---|---|---|---|---|---|---|
| Dewey Decimal Classification | Not For Loan | Non-fiction | Central Library, University of Rajshahi | Central Library, University of Rajshahi | Reading Room | 05/04/1965 | Zeitlinger | 80.00 | 530.15 STP 1964 | 21/01/2014 | C-1 | Books |